书目信息 |
| 题名: |
珠江三角洲研究:城市·区域·发展
|
|
| 作者: | 许学强 著 | |
| 分册: | ||
| 出版信息: | 北京 科学出版社 2013 |
|
| 页数: | 10,258页 | |
| 开本: | 26cm | |
| 丛书名: | ||
| 单 册: | ||
| 中图分类: | F127.65 | |
| 科图分类: | ||
| 主题词: | 经济发展 | |
| 电子资源: | ||
| ISBN: | 978-7-03-038942-8 | |
| 000 | 01309nam0 2200265 450 | |
| 001 | 523 | |
| 005 | 20140908162639.09 | |
| 010 | @a978-7-03-038942-8@dCNY79.00 | |
| 100 | @a20131218d2013 em y0chiy50 ea | |
| 101 | 0 | @achi |
| 102 | @aCN@b110000 | |
| 105 | @aa z 000yy | |
| 106 | @ar | |
| 200 | 1 | @a珠江三角洲研究:城市·区域·发展@AZhu Jiang San Jiao Zhou Yan Jiu: Cheng Shi· Qu Yu· Fa Zhan@f许学强著@FXu Xue Qiang Zhu |
| 210 | @a北京@c科学出版社@d2013 | |
| 215 | @a10,258页@c图@d26cm | |
| 300 | @a城市与区域研究系列 | |
| 330 | @a本书论述了珠江三角洲的区域特征与经济地位,城镇化的基础与发展特点;总结了珠三角城镇化外资利用、外资机构的空间特征、机理与优化策略,改革开放的典范,市镇发展空间模式,技术流的动力机制与渠道;分析了典型都市化连绵区形成机制,城市群产业竞争力比较;探讨了人口与产业问题,珠三角三次产业演变与城市发展,以及经济发展发展前景——现代化、一体化与国际化;回顾了珠三角城镇化研究30年,继续推进改革、开放和创新问题;开拓了粤港澳合作模式与范例;提出了城市化协调发展的基本原则与内容,突出城镇发展的重点和新意,防止“建设性破坏”等重大论题。 | |
| 606 | 0 | @a经济发展 |
| 607 | @a珠江三角洲@x经济发展@x研究 | |
| 607 | @a珠江三角洲 | |
| 690 | @aF127.65@v5 | |
| 701 | 0 | @a许学强@AXu Xue Qiang@f(1939.11~)@4著 |
| 801 | 0 | @aCN@bTANGWEI@c20140603 |
| 905 | @b0839284-86@dF127.65@e233@f3 | |
| 珠江三角洲研究:城市·区域·发展/许学强著.-北京:科学出版社,2013 |
| 10,258页:图;26cm |
| 城市与区域研究系列 |
| ISBN 978-7-03-038942-8:CNY79.00 |
| 本书论述了珠江三角洲的区域特征与经济地位,城镇化的基础与发展特点;总结了珠三角城镇化外资利用、外资机构的空间特征、机理与优化策略,改革开放的典范,市镇发展空间模式,技术流的动力机制与渠道;分析了典型都市化连绵区形成机制,城市群产业竞争力比较;探讨了人口与产业问题,珠三角三次产业演变与城市发展,以及经济发展发展前景——现代化、一体化与国际化;回顾了珠三角城镇化研究30年,继续推进改革、开放和创新问题;开拓了粤港澳合作模式与范例;提出了城市化协调发展的基本原则与内容,突出城镇发展的重点和新意,防止“建设性破坏”等重大论题。 |
| ● |
| 相关链接 |
|
|
|
|
正题名:珠江三角洲研究:城市·区域·发展
索取号:F127.65/233
 
预约/预借
| 序号 | 登录号 | 条形码 | 馆藏地/架位号 | 状态 | 备注 |
| 1 | 0839284 | 208392844 | 第一样本阅览室/ [索取号:F127.65/233] | 在馆 | |
| 2 | 0839285 | 208392853 | 密集书库-海洋学院/ [索取号:F127.65/233] | 在馆 | |
| 3 | 0839286 | 208392862 | 第一借阅区/ [索取号:F127.65/233] | 在馆 |